| 000 | 00817nam a2200217 i 4500 | ||
|---|---|---|---|
| 001 | 155983 | ||
| 003 | ES-MaACL | ||
| 005 | 20250805075348.0 | ||
| 008 | 190201s1948 ag |||| | spa d | ||
| 100 | 0 |
_aDurant, Will. _946272 |
|
| 245 | 1 | 0 |
_aCésar y Cristo _b: historia de la civilización romana y del cristianismo desde sus comienzos hasta el año 325 D. de C. / _cWill Durant ; traducción de Luis Tobío. |
| 260 |
_aBuenos Aires : _bEditorial Sudamericana, _c1948. |
||
| 300 |
_a2 v. : _bil. ; _c24 cm. |
||
| 490 | 1 | _aHistoria de la civilización | |
| 650 | 0 | 7 |
_aCivilización romana _2embne _911103 |
| 650 |
_aCristianismo- _xHistoria- _yS.I-VI. _9163038 |
||
| 700 | 0 |
_aTobío, Luis. _9110377 |
|
| 830 | 0 |
_aHistoria de la civilización _9187819 |
|
| 852 |
_aES-MaACL _jP-418-6-7 |
||
| 999 |
_c155983 _d155983 |
||